Piaget's theory of cognitive and affective development
Αποθηκεύτηκε σε:
| Κύριος συγγραφέας: | |
|---|---|
| Μορφή: | Βιβλίο |
| Γλώσσα: | English |
| Δημοσίευση: |
Boston :
Pearson,
c2004.
|
| Έκδοση: | Classic ed., 5th ed. |
| Σειρά: | Allyn and Bacon classics in education
|
| Θέματα: | |
| Ετικέτες: |
Προσθήκη ετικέτας
Δεν υπάρχουν, Καταχωρήστε ετικέτα πρώτοι!
|
MARC
| LEADER | 00000nam a2200000 a 4500 | ||
|---|---|---|---|
| 001 | 1/111146 | ||
| 008 | 160617s2004####mau| ||| |||| ||eng|| | ||
| 020 | |a 0205406033 | ||
| 040 | |a GR-MyUa |b gre |c GR-MyUa |e AACR2 | ||
| 041 | 0 | |a eng | |
| 082 | 7 | |a 155.413 |2 (23) | |
| 100 | 1 | |a Wadsworth, Barry J. | |
| 245 | 1 | 0 | |a Piaget's theory of cognitive and affective development / |c Barry J. Wadsworth ; with new foreword by William M. Gray. |
| 250 | |a Classic ed., 5th ed. | ||
| 260 | |a Boston : |b Pearson, |c c2004. | ||
| 300 | |a xi, 196 σ. : |b εικ. ; |c 24 εκ. | ||
| 490 | 1 | |a (Allyn and Bacon classics in education) | |
| 504 | |a Βιβλιογραφία: σ. 183-190. Ευρετήριο. | ||
| 600 | 1 | 0 | |a Piaget, Jean |d 1896-1980. |
| 650 | 0 | |a Cognition in children. | |
| 650 | 0 | |a Emotions in children. | |
| 830 | 0 | |a Allyn and Bacon classics in education | |
| 852 | |a INST |b SYROS |e 20160617 |h 155.413 WAD |p 005500012651 |q 005500012651 |t BK |y 0 | ||
| 922 | |a 5ΕΛΗ |b 201605 |c Βιβλιοθήκη Σύρου |d Διαδρομές | ||
| 970 | |a Κοντού |b Παρασκευή |z 17/06/2016 | ||